000 00475nam a22001577a 4500
005 20250904142936.0
008 250904b |||||||| |||| 00| 0 eng d
020 _a978-81-974015-7-2
041 _aeng
100 _aSINGH, DR RAMANDEEP AND MEHRA, MEENAKSHI
_98662
245 _aTEXTBOOK OF PHARMACOTHERAPEUTICS :Exclusively prepared for D. Pharma [2nd year students]
260 _aDELHI
_bAITBS PUBLISHERS INDIA
_c2025
300 _a234;P
650 _aPHARMACY
942 _cBK
999 _c8789
_d8787